| 000 | 00422nam a2200145 a 4500 | ||
|---|---|---|---|
| 005 | 20140412111316.0 | ||
| 008 | 001219s19uu xx 00 eng d | ||
| 050 |
_aER _bCh432 |
||
| 245 |
_aChick's long day / _cillustrated by Toshikazu Shiino. |
||
| 260 |
_aTokyo : _bFroebel-kan, co., ltd, _c[n.d.] |
||
| 300 | _a1 v. (unp.) ; ill. | ||
| 440 | _aSunny Day Series | ||
| 650 | _aChicks stories -- Fiction | ||
| 999 |
_c104222 _d104222 |
||